[Event "Penang op 15th"]
[Site "Penang"]
[Date "2023.12.21"]
[Round "7"]
[White "Pitra, Andika"]
[Black "Genkeswaran, Genivan"]
[Result "0-1"]
[WhiteElo "2121"]
[BlackElo "1714"]
[PlyCount "130"]
[EventDate "2023.12.18"]
[EventType "swiss"]
[EventRounds "9"]
[EventCountry "MAS"]
[SourceTitle "CB52_2023"]
[SourceDate "2023.12.27"]
[SourceVersion "1"]
[SourceVersionDate "2023.12.27"]
[SourceQuality "1"]

1. e4 c6 2. Nc3 d5 3. Nf3 dxe4 4. Nxe4 Nf6 5. Nxf6+ exf6 6. Bc4 Bd6 7. 0-0 0-0 8. h3 Nd7 9. d4 Re8 10. Bb3 Nf8 11. Re1 Be6 12. Bxe6 Nxe6 13. Qd3 Qd7 14. Bd2 Nf8 15. Rxe8 Rxe8 16. Re1 Rxe1+ 17. Bxe1 Ne6 18. Qf5 Qe7 19. Bd2 g6 20. Qa5 a6 21. c4 h5 22. d5 cxd5 23. Qxd5 Nf4 24. Bxf4 Bxf4 25. g3 Bd6 26. Kg2 Bc5 27. a3 a5 28. Nd2 b6 29. Qe4 Qd6 30. Qd5 Qe7 31. Kf1 f5 32. Nf3 Kg7 33. Ne5 Qf6 34. a4 f4 35. g4 hxg4 36. hxg4 f3 37. b3 Qf4 38. Nxf3 Qc1+ 39. Kg2 Qc2 40. Qd2 Qxb3 41. Ne5 Qxa4 42. g5 Qe8 43. Qc3 Kf8 44. Qg3 Qe6 45. Ng4 Bd6 46. Qh4 Qe4+ 47. Kg1 Ke7 48. Qh3 Qxc4 49. Qe3+ Qe6 50. Qf3 Qf5 51. Qe3+ Kd7 52. Nf6+ Kc7 53. Ne8+ Kc6 54. Qc3+ Bc5 55. Qg3 Qb1+ 56. Kh2 Qd1 57. Qc7+ Kb5 58. Qxf7 Qh5+ 59. Kg2 Qxg5+ 60. Kf1 Qf5 61. Qb3+ Kc6 62. Qa4+ b5 63. Qa2 Qh3+ 64. Kg1 Qg4+ 65. Kh1 Qe4+ 0-1

[Event "Penang op 15th"]
[Site "Penang"]
[Date "2023.12.19"]
[Round "3"]
[White "Shahar, Uzair"]
[Black "Genkeswaran, Genivan"]
[Result "1-0"]
[WhiteElo "1917"]
[BlackElo "1714"]
[PlyCount "69"]
[EventDate "2023.12.18"]
[EventType "swiss"]
[EventRounds "9"]
[EventCountry "MAS"]
[SourceTitle "CB52_2023"]
[SourceDate "2023.12.27"]
[SourceVersion "1"]
[SourceVersionDate "2023.12.27"]
[SourceQuality "1"]

1. e4 c6 2. d4 d5 3. e5 Bf5 4. g4 Be4 5. f3 Bg6 6. e6 Qd6 7. exf7+ Bxf7 8. Nh3 e6 9. Qe2 Be7 10. Bf4 Qd8 11. Nd2 Nd7 12. 0-0-0 b5 13. Bg3 Bf6 14. Nf4 Qe7 15. Re1 0-0-0 16. Nb3 Qb4 17. a3 Qa5 18. Qd2 Re8 19. Qc3 Qa6 20. a4 Qb6 21. Bxb5 Nb8 22. Bd3 a5 23. Nc5 Nh6 24. Nfxe6 Bxe6 25. Nxe6 Kd7 26. Nc5+ Kc8 27. Bxb8 Qb4 28. Qxb4 axb4 29. Bf4 Bxd4 30. Ba6+ Kd8 31. Ne6+ Rxe6 32. Rxe6 Rf8 33. Bg3 Rxf3 34. Rhe1 Bf6 35. Re8+ 1-0

[Event "Johor op-A 7th"]
[Site "Johor"]
[Date "2022.12.28"]
[Round "5"]
[White "Nguyen, Van Huy"]
[Black "Genkeswaran, Genivan"]
[Result "0-1"]
[WhiteElo "2355"]
[BlackElo "1576"]
[PlyCount "126"]
[EventDate "2022.12.26"]
[EventType "swiss"]
[EventRounds "9"]
[EventCountry "MAS"]
[SourceTitle "CBM 212 Extra"]
[Source "ChessBase"]
[SourceDate "2023.03.31"]
[SourceVersion "1"]
[SourceVersionDate "2023.03.31"]
[SourceQuality "1"]

1. d4 d5 2. Nf3 Nf6 3. c4 c6 4. Nc3 e6 5. Bg5 Be7 6. e3 Nbd7 7. Rc1 0-0 8. Bd3 b6 9. cxd5 cxd5 10. 0-0 Bb7 11. Qe2 a6 12. Rc2 b5 13. a4 b4 14. Nb1 Qb6 15. Rfc1 Bd6 16. Nbd2 h6 17. Bxf6 Nxf6 18. e4 Bf4 19. e5 Ne4 20. a5 Qxa5 21. g3 Bxd2 22. Nxd2 Nxd2 23. Qxd2 Rfc8 24. f4 Qb6 25. Qe3 Rxc2 26. Rxc2 Rc8 27. f5 exf5 28. Bxf5 Rxc2 29. Bxc2 Bc8 30. Kf2 a5 31. b3 Qc6 32. Qd2 Ba6 33. Ke1 g6 34. Kd1 Bc8 35. Qe3 Bg4+ 36. Kd2 Kg7 37. Bb1 a4 38. bxa4 Qxa4 39. Bc2 Qa1 40. Bb3 Qb2+ 41. Ke1 Qb1+ 42. Kd2 Be6 43. h3 Qb2+ 44. Ke1 h5 45. g4 Qb1+ 46. Kf2 hxg4 47. hxg4 Qb2+ 48. Kg1 Qb1+ 49. Kf2 Qb2+ 50. Ke1 Qa3 51. Qg5 Qa1+ 52. Bd1 Qc3+ 53. Ke2 Qh3 54. Ke1 Qh6 55. Qf6+ Kh7 56. Kf2 Qd2+ 57. Kg3 g5 58. Qf3 Qxd4 59. Qe2 Kg7 60. Bc2 Qf4+ 61. Kh3 d4 62. Bb1 b3 63. Kg2 Qxg4+ 0-1

[Event "Penang op-A 14th"]
[Site "Penang"]
[Date "2022.12.22"]
[Round "6"]
[White "Rajasa, Muhammad Andi"]
[Black "Genkeswaran, Genivan"]
[Result "1-0"]
[WhiteElo "1882"]
[BlackElo "1576"]
[PlyCount "81"]
[EventDate "2022.12.19"]
[EventType "swiss"]
[EventRounds "9"]
[EventCountry "MAS"]
[SourceTitle "CBM 211 Extra"]
[Source "ChessBase"]
[SourceDate "2023.01.31"]
[SourceVersion "1"]
[SourceVersionDate "2023.01.31"]
[SourceQuality "1"]

1. d4 d5 2. c4 c6 3. Nf3 Nf6 4. Nc3 Bf5 5. Qb3 Qb6 6. c5 Qxb3 7. axb3 Nbd7 8. Bf4 a6 9. b4 Rc8 10. h3 Ne4 11. g4 Bg6 12. Bg2 Nxc3 13. bxc3 Be4 14. 0-0 h6 15. Nd2 Bxg2 16. Kxg2 f6 17. e4 e6 18. Rfe1 Kf7 19. exd5 exd5 20. Nb3 Be7 21. Na5 b5 22. Re2 g5 23. Bg3 Nf8 24. Nb3 h5 25. Rxa6 hxg4 26. hxg4 Bd8 27. Ra7+ Kg6 28. Re8 Rh7 29. Ra6 Kf7 30. Re1 Bc7 31. Rxc6 Bxg3 32. Rxc8 Bf4 33. Rh1 Rg7 34. Ra8 Kg8 35. Ra6 Rf7 36. Rb6 Ng6 37. Rxb5 Nh4+ 38. Kf1 f5 39. gxf5 Rxf5 40. Ke2 Rf6 41. Rb6 1-0

[Event "Penang op-A 14th"]
[Site "Penang"]
[Date "2022.12.19"]
[Round "1"]
[White "Genkeswaran, Genivan"]
[Black "Lim, Chuin Hoong Ronnie"]
[Result "1/2-1/2"]
[WhiteElo "1576"]
[BlackElo "2225"]
[PlyCount "91"]
[EventDate "2022.12.19"]
[EventType "swiss"]
[EventRounds "9"]
[EventCountry "MAS"]
[SourceTitle "CBM 211 Extra"]
[Source "ChessBase"]
[SourceDate "2023.01.31"]
[SourceVersion "1"]
[SourceVersionDate "2023.01.31"]
[SourceQuality "1"]

1. d4 f5 2. c4 e6 3. Nf3 Nf6 4. Nc3 Bb4 5. Bg5 h6 6. Bd2 b6 7. e3 Bb7 8. Bd3 0-0 9. a3 Bxc3 10. Bxc3 Qe7 11. Qe2 Ne4 12. Bxe4 Bxe4 13. Ne5 Qe8 14. f3 Bb7 15. f4 d6 16. Nf3 Nd7 17. h3 Nf6 18. Nd2 Nh5 19. Nf1 g5 20. Rg1 gxf4 21. g4 fxg3 22. Nxg3 Nxg3 23. Rxg3+ Kh7 24. 0-0-0 Rg8 25. Rdg1 Rxg3 26. Rxg3 Be4 27. b3 a5 28. a4 Qf7 29. Qf2 Rg8 30. Be1 Re8 31. Rg4 Re7 32. Rg1 c5 33. dxc5 dxc5 34. Bc3 e5 35. Qg3 f4 36. exf4 exf4 37. Qg4 Bg6 38. Rf1 Re3 39. Kb2 f3 40. Rf2 h5 41. Qg5 Rd3 42. Qe5 Qf8 43. Qc7+ Qf7 44. Qe5 Qf8 45. Qc7+ Qf7 46. Qe5 1/2-1/2

[Event "Eastern Asia-ch U12"]
[Site "Tornelo INT"]
[Date "2021.10.31"]
[Round "9"]
[White "Bui, Tran Minh Khang"]
[Black "Genkeswaran, Genivan"]
[Result "1-0"]
[WhiteElo "1397"]
[BlackElo "1218"]
[PlyCount "89"]
[EventDate "2021.10.29"]
[EventType "swiss"]
[EventRounds "9"]
[EventCountry "NET"]
[SourceTitle "EXT 2023"]
[Source "ChessBase"]
[SourceDate "2022.10.05"]
[SourceVersion "1"]
[SourceVersionDate "2022.10.05"]
[SourceQuality "1"]

1. c4 e5 2. g3 Bc5 3. Bg2 Nc6 4. Nc3 Nf6 5. Nf3 e4 6. Ng5 Bxf2+ 7. Kxf2 Ng4+ 8. Ke1 Qxg5 9. Nxe4 Qe7 10. d3 0-0 11. Bf4 d6 12. Qd2 Re8 13. h3 Nge5 14. Rc1 f5 15. Nc3 Nd4 16. Nd5 Qd8 17. Kf2 Ng4+ 18. hxg4 Rxe2+ 19. Qxe2 Nxe2 20. Kxe2 fxg4 21. Be4 h6 22. Rh2 c6 23. Ne3 Qf6 24. Rc2 g5 25. Rf2 Bd7 26. Nd5 cxd5 27. Bxd5+ Kg7 28. Be3 Qe5 29. Rf7+ Kh8 30. Rxd7 Re8 31. Be4 Qxg3 32. Bd4+ Re5 33. Bxe5+ dxe5 34. Kd2 Qf4+ 35. Kc3 g3 36. Rxb7 a5 37. c5 Qe3 38. Kb3 g2 39. Rxg2 Qxc5 40. a4 Qc8 41. Rf2 Qe6+ 42. Kc2 Kg8 43. Bh7+ Kh8 44. Rf8+ Qg8 45. Rxg8# 1-0